[Event "Open de Louviers"]
[Site "Louviers"]
[Date "2006.06.04"]
[Round "4"]
[White "Vigneron, Frederic"]
[Black "Heranval, Jacky"]
[Result "0-1"]
[WhiteElo "2007"]
[BlackElo "1960"]
[PlyCount "58"]

1. d4 Nf6 2. c4 g6 3. Nc3 Bg7 4. e4 d6 5. Nf3 O-O 6. Be2 e5 7. dxe5 dxe5 8.
Qxd8 Rxd8 9. Bg5 c6 10. Nxe5 Re8 11. O-O-O Nxe4 12. Nxe4 Bxe5 13. Bf3 Nd7 14.
Rhe1 Re6 15. c5 b6 16. Rd3 bxc5 17. Red1 Bd4 18. Nxc5 Bxc5 19. Rxd7 Bxd7 20.
Rxd7 Bxf2 21. Kc2 Be3 22. Bh4 h5 23. Bg3 f5 24. Bd6 Rc8 25. Kd3 Bb6 26. Bd1
Re3+ 27. Kd2 Re4 28. Bb3+ Kh8 29. Bb4 Rxb4 0-1

[Event "Open de Louviers"]
[Site "Louviers"]
[Date "2006.06.04"]
[Round "4"]
[White "Cleaud, Cyril"]
[Black "Berrou, Andre"]
[Result "1/2-1/2"]
[WhiteElo "1560"]
[BlackElo "1790"]
[PlyCount "68"]

1. e4 e5 2. Nf3 Nf6 3. d4 Nxe4 4. Nxe5 Qe7 5. Be3 d6 6. Nf3 d5 7. Bd3 Bg4 8. c3
Nd7 9. h3 Bh5 10. Be2 f5 11. Nbd2 O-O-O 12. Qc2 Ndf6 13. Nxe4 dxe4 14. Ne5 Bxe2
15. Qxe2 Qe8 16. O-O-O Be7 17. Qc4 Rf8 18. Qe6+ Kb8 19. Qxf5 g6 20. Qe6 Rd6 21.
Qc4 Nd5 22. Bh6 Rxf2 23. Rhf1 Nb6 24. Qb3 Rdf6 25. Rxf2 Rxf2 26. g3 Rf5 27. h4
Bd6 28. Bf4 Bxe5 29. dxe5 Nd7 30. Qd5 Kc8 31. Qxe4 Nxe5 32. Bxe5 Rxe5 33. Qd4
Re1 34. b3 Qe3+ 1/2-1/2

[Event "Open de Louviers"]
[Site "Louviers"]
[Date "2006.06.04"]
[Round "4"]
[White "Cruchet, Sebastien"]
[Black "Drouineau, Olivier"]
[Result "1-0"]
[WhiteElo "1790"]
[BlackElo "1640"]
[PlyCount "61"]

1. e4 d5 2. exd5 Nf6 3. d4 Nxd5 4. c4 Nf6 5. Nc3 Bg4 6. Qb3 b6 7. h3 Bd7 8. Nf3
e6 9. Bg5 Be7 10. Rd1 O-O 11. Bd3 Nd5 12. Ne4 Bxg5 13. cxd5 Be7 14. Rc1 exd5
15. Qxd5 c6 16. Qh5 h6 17. O-O Be8 18. Bc4 Nd7 19. Rfd1 Nf6 20. Nxf6+ Bxf6 21.
d5 c5 22. d6 Qd7 23. Ne5 Bxe5 24. Qxe5 Kh8 25. Qe7 Qxe7 26. dxe7 Rg8 27. Rd8
Bc6 28. Rcd1 Kh7 29. Bxf7 Rh8 30. R1d6 Be8 31. Rxa8 1-0

[Event "Open de Louviers"]
[Site "Louviers"]
[Date "2006.06.04"]
[Round "4"]
[White "Frigere, Guy"]
[Black "Grenet, Dominique"]
[Result "0-1"]
[WhiteElo "1440"]
[BlackElo "1690"]
[PlyCount "66"]

1. c4 e5 2. Nc3 Nf6 3. d3 c5 4. e4 Nc6 5. Nf3 d6 6. b3 Be7 7. Bb2 O-O 8. Nd5
Bg4 9. Be2 Bxf3 10. Bxf3 Qa5+ 11. Bc3 Qd8 12. O-O Nxd5 13. cxd5 Nd4 14. Re1 Bg5
15. Bxd4 cxd4 16. g3 Rc8 17. Bg4 Rc7 18. h4 Bh6 19. Kg2 g6 20. h5 Kg7 21. Rh1
b6 22. Rh3 Rc3 23. Qh1 Qg5 24. Be2 Rc2 25. Qf1 Rfc8 26. hxg6 fxg6 27. Rh1 Rf8
28. Qe1 Qd2 29. Qxd2 Rxd2 30. Kf1 Rc2 31. a3 Rfc8 32. b4 Rb2 33. Bd1 Rc3 0-1

[Event "Open de Louviers"]
[Site "Louviers"]
[Date "2006.06.04"]
[Round "4"]
[White "Kulhaneck, Martial"]
[Black "Arinal, Serge"]
[Result "1-0"]
[WhiteElo "1760"]
[BlackElo "1590"]
[PlyCount "81"]

1. d4 Nf6 2. Nf3 e6 3. Bg5 Be7 4. e3 d5 5. Bd3 c5 6. c3 Nc6 7. Nbd2 b6 8. Bb5
Bb7 9. Ne5 Rc8 10. Nef3 a6 11. Bd3 cxd4 12. exd4 b5 13. a3 Nd7 14. Bxe7 Qxe7
15. O-O O-O 16. Re1 Nf6 17. Ne5 Nb8 18. f4 Nbd7 19. Qf3 Rfd8 20. Qh3 Nf8 21.
Re3 Qd6 22. Rae1 Re8 23. Rg3 Rc7 24. Qh4 Qe7 25. Qh6 g6 26. f5 exf5 27. Bxf5
Ne4 28. Bxe4 dxe4 29. Rge3 Qf6 30. Nxe4 Bxe4 31. Rxe4 Qf5 32. Rf4 Qc2 33. Rf2
Qb3 34. Ref1 Ree7 35. Ng4 Rc8 36. Qg5 Qe6 37. Rf6 Qe2 38. Rxa6 Rcc7 39. h3 b4
40. Qf6 Ne6 41. Nh6+ 1-0

[Event "Open de Louviers"]
[Site "Louviers"]
[Date "2006.06.04"]
[Round "4"]
[White "Blondel, Jean-Michel"]
[Black "Billard, Sebastien"]
[Result "1/2-1/2"]
[WhiteElo "1640"]
[BlackElo "1570"]
[PlyCount "89"]

1. e4 e5 2. Nf3 Nc6 3. d4 exd4 4. Nxd4 Bc5 5. Be3 Qf6 6. c3 Nge7 7. Bc4 Ne5 8.
Bb3 d6 9. O-O O-O 10. Nc2 Bg4 11. f3 Bh5 12. g4 Bxe3+ 13. Nxe3 Qf4 14. Ng2 Qf6
15. gxh5 Rad8 16. f4 Nd7 17. Qd4 Qh6 18. Qxa7 Nc5 19. Qa5 Ra8 20. Qb4 Nc6 21.
Qb5 Na5 22. Nd2 Naxb3 23. Nxb3 Nxe4 24. Qxb7 d5 25. Qxc7 Rfc8 26. Qe5 Re8 27.
Qxd5 Rad8 28. Qf5 Qb6+ 29. Nd4 Rxd4 30. cxd4 Qxd4+ 31. Kh1 Nf2+ 32. Rxf2 Qxf2
33. b4 g6 34. hxg6 hxg6 35. Qb5 Re2 36. Qd5 Rd2 37. Qa8+ Kg7 38. b5 Rb2 39. a4
Ra2 40. Rg1 Rb2 41. Qb8 Ra2 42. b6 Qf3 43. b7 Rxg2 44. Qe5+ Kh7 45. Rxg2
1/2-1/2

[Event "Open de Louviers"]
[Site "Louviers"]
[Date "2006.06.04"]
[Round "4"]
[White "Delacroix, Vincent"]
[Black "Voegele, Francois-Marie"]
[Result "1-0"]
[WhiteElo "1499"]
[BlackElo "1060"]
[PlyCount "129"]

1. e4 e5 2. Bc4 Nc6 3. d3 d6 4. Nc3 Nf6 5. Nf3 Be7 6. h3 O-O 7. g4 Be6 8. g5
Nh5 9. h4 Qd7 10. Bxe6 Qxe6 11. Nd5 Qd7 12. g6 fxg6 13. Ng5 Nf4 14. Be3 Nxd5
15. exd5 Nd4 16. c3 Nf5 17. Qg4 Bxg5 18. Bxg5 Qb5 19. O-O-O Qxd5 20. b3 Qa5 21.
Kb2 Qc5 22. Rhf1 h5 23. Qg2 Rab8 24. Bd2 Rf6 25. Bg5 Rff8 26. Qe4 c6 27. d4 Qd5
28. Qc2 exd4 29. cxd4 Rfe8 30. Rfe1 Rxe1 31. Rxe1 Kf7 32. Qd3 Re8 33. Rxe8 Kxe8
34. Be3 Nxe3 35. Qxg6+ Kf8 36. fxe3 c5 37. e4 Qxd4+ 38. Ka3 Qf2 39. Qxd6+ Kf7
40. e5 b6 41. e6+ Kg8 42. Qd8+ Qf8 43. Qd5 Qe8 44. e7+ Kh8 45. Qd8 Qxd8 46.
exd8=Q+ Kh7 47. Qe8 a5 48. Qxh5+ Kg8 49. Ka4 Kf8 50. Qg6 Kg8 51. Qxb6 Kf7 52.
h5 Kg8 53. Qe6+ Kh7 54. Qb6 Kg8 55. Kxa5 Kf7 56. a4 Ke7 57. Kb5 Kd7 58. a5 Kc8
59. a6 Kd7 60. a7 Ke7 61. a8=Q Kf7 62. Qg6+ Ke7 63. Qa7+ Kd8 64. Qgxg7 Ke8 65.
Qg8# 1-0

[Event "Open de Louviers"]
[Site "Louviers"]
[Date "2006.06.04"]
[Round "5"]
[White "Colliou, Yannick"]
[Black "Pytel, Krzysztof"]
[Result "0-1"]
[WhiteElo "2209"]
[BlackElo "2387"]
[PlyCount "56"]

1. d4 e6 2. c4 f5 3. g3 Nf6 4. Bg2 Be7 5. Nh3 O-O 6. Nf4 d6 7. Qb3 c6 8. c5 d5
9. Nd3 b6 10. Bf4 Nbd7 11. cxb6 axb6 12. Nc3 Ba6 13. Qd1 c5 14. Ne5 Nxe5 15.
Bxe5 Ng4 16. a4 Kh8 17. O-O Nxe5 18. dxe5 Qb8 19. f4 g5 20. Kh1 gxf4 21. gxf4
Bb7 22. b3 Rg8 23. Bf3 Bc6 24. Qd2 Qb7 25. Nb5 Rg7 26. Rac1 Rag8 27. b4 d4 28.
Rf2 d3 0-1

[Event "Open de Louviers"]
[Site "Louviers"]
[Date "2006.06.04"]
[Round "5"]
[White "Boursier, Xavier"]
[Black "Bersoult, Francois"]
[Result "1/2-1/2"]
[WhiteElo "2033"]
[BlackElo "2233"]
[PlyCount "38"]

1. e4 c5 2. c3 d5 3. exd5 Qxd5 4. d4 Nf6 5. Nf3 e6 6. Be2 Nc6 7. O-O Be7 8. h3
O-O 9. Be3 cxd4 10. cxd4 b6 11. Nc3 Qd6 12. Ne5 Nxe5 13. dxe5 Qxe5 14. Bf3 Ba6
15. Re1 Rad8 16. Qa4 Qa5 17. Qxa5 bxa5 18. Bxa7 Rd2 19. Rab1 Rc8 1/2-1/2

[Event "Open de Louviers"]
[Site "Louviers"]
[Date "2006.06.04"]
[Round "5"]
[White "Heranval, Jacky"]
[Black "Berrou, Andre"]
[Result "1-0"]
[WhiteElo "1960"]
[BlackElo "1790"]
[PlyCount "49"]

1. d4 f5 2. Nc3 Nf6 3. Nf3 e6 4. Bf4 d5 5. e3 c6 6. Bd3 Be7 7. h3 Ne4 8. Bxe4
fxe4 9. Ne5 O-O 10. Qg4 Bf6 11. O-O-O Qe8 12. h4 Nd7 13. h5 Nxe5 14. dxe5 Be7
15. f3 exf3 16. gxf3 Rf7 17. Rdg1 Bf8 18. Qh3 Kh8 19. Rg6 Qd7 20. Rhg1 d4 21.
Ne4 dxe3 22. Bxe3 Qd5 23. Ng5 Rf5 24. h6 Qxe5 25. hxg7+ 1-0

[Event "Open de Louviers"]
[Site "Louviers"]
[Date "2006.06.04"]
[Round "5"]
[White "Vigneron, Frederic"]
[Black "Cleaud, Cyril"]
[Result "1-0"]
[WhiteElo "2007"]
[BlackElo "1560"]
[PlyCount "113"]

1. d4 Nf6 2. c4 g6 3. Nc3 d5 4. Nf3 c6 5. e3 Bg7 6. Be2 O-O 7. O-O e6 8. b3
Nbd7 9. Bb2 Re8 10. Rc1 b6 11. cxd5 Nxd5 12. Ne4 Qc7 13. Ba3 Bf8 14. Bb2 Bb7
15. a3 Bg7 16. b4 e5 17. dxe5 Nxe5 18. Qc2 Rac8 19. Rfd1 Qe7 20. Nxe5 Bxe5 21.
Bf3 Bxb2 22. Qxb2 f5 23. Ng3 Qe6 24. e4 Ne7 25. exf5 Nxf5 26. Ne4 Rf8 27. Ng5
Qf6 28. Qa2+ Kg7 29. Ne6+ Kh8 30. Nxf8 Rxf8 31. Qa1 Qxa1 32. Rxa1 Rf7 33. Rac1
Rc7 34. g3 Kg7 35. Rd2 Kf6 36. Rcd1 Ke6 37. Bg4 c5 38. Bxf5+ gxf5 39. Re1+ Kf7
40. bxc5 bxc5 41. Re5 Bc8 42. Rc2 c4 43. f3 Be6 44. Kf2 Rc6 45. Rb5 Ra6 46. Rc3
Kf6 47. h3 h6 48. Ke3 Rc6 49. Rb7 a6 50. Ra7 Ke5 51. Rh7 Bc8 52. f4+ Kd5 53.
Re7 Be6 54. Rc1 c3 55. Kd3 Kd6 56. Rh7 Bc4+ 57. Kd4 1-0

[Event "Open de Louviers"]
[Site "Louviers"]
[Date "2006.06.04"]
[Round "5"]
[White "Cruchet, Sebastien"]
[Black "Abdat, Rachid"]
[Result "0-1"]
[WhiteElo "1790"]
[BlackElo "2050"]
[PlyCount "134"]

1. Nf3 Nf6 2. d4 d6 3. c4 c6 4. Nc3 g6 5. e4 Bg4 6. h3 Bxf3 7. gxf3 Nbd7 8. Qb3
Qc7 9. Be3 a5 10. Be2 Bg7 11. f4 e5 12. fxe5 dxe5 13. d5 a4 14. Qd1 a3 15. b3
O-O 16. d6 Qa5 17. Bd2 Qb4 18. Nb5 Qc5 19. b4 Qb6 20. c5 Nxc5 21. bxc5 Qxc5 22.
Rc1 Qb6 23. Nc3 Rfd8 24. Be3 Qb4 25. O-O Rxd6 26. Qc2 Rd7 27. Rb1 Qe7 28. Bg5
h6 29. Bh4 Qe6 30. Bxf6 Qxf6 31. Qc1 Qh4 32. Qe3 Bf6 33. Rfd1 Bg5 34. Qg3 Qxg3+
35. fxg3 Be3+ 36. Kg2 Bd4 37. Bc4 b5 38. Bb3 Rc7 39. Rd3 Raa7 40. Ne2 Bb2 41.
Rbd1 c5 42. Rd8+ Kg7 43. Rb8 c4 44. Bc2 Rab7 45. Rxb7 Rxb7 46. Ng1 b4 47. Nf3
b3 48. Bb1 Bc3 49. Kf1 Bb2 50. Nd2 bxa2 51. Bxa2 c3 52. Nb3 c2 53. Re1 Rxb3 54.
Bxb3 c1=Q 55. Rxc1 Bxc1 56. Ke2 f5 57. Kf3 Kf6 58. g4 Bb2 59. h4 fxe4+ 60. Kxe4
h5 61. g5+ Ke7 62. Bg8 Kd6 63. Bf7 Bd4 64. Kf3 Kc5 65. Bg8 Kb4 66. Ke4 Kc3 67.
Ba2 Kb2 0-1

[Event "Open de Louviers"]
[Site "Louviers"]
[Date "2006.06.04"]
[Round "5"]
[White "Grenet, Dominique"]
[Black "Gobbetto, Jean-Claude"]
[Result "0-1"]
[WhiteElo "1690"]
[BlackElo "1838"]
[PlyCount "46"]

1. e4 d5 2. exd5 Nf6 3. Nf3 Qxd5 4. Nc3 Qh5 5. Be2 Bg4 6. d3 Nc6 7. Bf4 O-O-O
8. Qd2 e5 9. Bg3 e4 10. Nxe4 Nxe4 11. Qf4 Nxg3 12. Qxg3 Bd6 13. Qh4 Bxf3 14.
Qxh5 Bxh5 15. Bxh5 g6 16. Bf3 Nd4 17. O-O-O Nxf3 18. gxf3 Rhe8 19. h3 Re2 20.
Rdf1 Rde8 21. Kd1 Bf4 22. Rhg1 Rd2+ 23. Kc1 Ree2 0-1

[Event "Open de Louviers"]
[Site "Louviers"]
[Date "2006.06.04"]
[Round "5"]
[White "Blondel, Jean-Michel"]
[Black "Kulhaneck, Martial"]
[Result "1/2-1/2"]
[WhiteElo "1640"]
[BlackElo "1760"]
[PlyCount "87"]

1. e4 c5 2. Nf3 Nc6 3. d4 cxd4 4. Nxd4 d6 5. Bc4 Nf6 6. Nc3 g6 7. O-O Bg7 8.
Nxc6 bxc6 9. Re1 O-O 10. Qd3 Ng4 11. Bf4 Qb6 12. Nd1 Be6 13. c3 Rab8 14. h3 Ne5
15. Bxe5 Bxe5 16. Bxe6 fxe6 17. Qe3 Qb7 18. b3 Rf7 19. Rb1 Rbf8 20. Rf1 Qa6 21.
Rb2 Bh2+ 22. Kxh2 Qxf1 23. Rd2 Qa6 24. c4 Qb7 25. f3 Qc7 26. Kg1 a6 27. Nc3 Rd8
28. Rd1 Rff8 29. Qg5 Rf7 30. Qg4 Qb6+ 31. Kh1 Qe3 32. Na4 Qe2 33. Ra1 Rf6 34.
c5 Rdf8 35. Nb6 Rd8 36. cxd6 Rxd6 37. Nc4 Rd1+ 38. Rxd1 Qxd1+ 39. Kh2 Qd7 40.
e5 Rf5 41. Qe4 Qd5 42. Qe3 Kg7 43. Qa7 Rf8 44. Qxa6 1/2-1/2

[Event "Open de Louviers"]
[Site "Louviers"]
[Date "2006.06.04"]
[Round "5"]
[White "Billard, Sebastien"]
[Black "Delacroix, Vincent"]
[Result "1-0"]
[WhiteElo "1570"]
[BlackElo "1499"]
[PlyCount "81"]

1. e4 e5 2. Nf3 Nc6 3. Bc4 h6 4. a3 Bc5 5. O-O Nf6 6. Nc3 d6 7. h3 Qe7 8. Re1
Be6 9. Bxe6 Qxe6 10. Na4 O-O-O 11. b4 Bb6 12. Nxb6+ cxb6 13. d4 Qc4 14. d5 Ne7
15. Nd2 Qc3 16. Ra2 g5 17. Re3 Qc7 18. Bb2 Kb8 19. Rc3 Qd7 20. Qf3 Neg8 21. Nc4
g4 22. hxg4 Nxg4 23. Ne3 N8f6 24. Nf5 h5 25. Nh4 Rc8 26. Rxc8+ Qxc8 27. Ba1 Qc4
28. Rb2 Nxe4 29. c3 Qxd5 30. Qe2 Nxc3 31. Qe1 Rc8 32. Rd2 Qb5 33. Bxc3 Rxc3 34.
Rxd6 Rc2 35. f3 Re2 36. Qc3 a6 37. fxg4 hxg4 38. Qg3 Qc4 39. Rf6 Qd4+ 40. Kh2
Re3 41. Nf3 {Temps} 1-0

[Event "Open de Louviers"]
[Site "Louviers"]
[Date "2006.06.04"]
[Round "5"]
[White "Arinal, Serge"]
[Black "Frigere, Guy"]
[Result "0-1"]
[WhiteElo "1590"]
[BlackElo "1440"]
[PlyCount "54"]

1. Nf3 Nf6 2. g3 d5 3. Bg2 Bf5 4. d3 e6 5. O-O Bd6 6. Nc3 Nbd7 7. Nb5 Qe7 8.
Nxd6+ Qxd6 9. b3 Bg4 10. Qd2 Bxf3 11. Bxf3 h5 12. Qc3 c6 13. Bg5 Rh7 14. a4 a5
15. Be3 Qc7 16. Bf4 e5 17. Bg5 O-O-O 18. Bg2 Rdh8 19. h4 Ng4 20. f3 Qb6+ 21. d4
exd4 22. Qd3 Nge5 23. Qd2 d3+ 24. Be3 Qc7 25. cxd3 f6 26. d4 Nf7 27. Bh3 Qxg3+
0-1

[Event "Open de Louviers"]
[Site "Louviers"]
[Date "2006.06.04"]
[Round "5"]
[White "Drouineau, Olivier"]
[Black "Voegele, Francois-Marie"]
[Result "1-0"]
[WhiteElo "1640"]
[BlackElo "1060"]
[PlyCount "39"]

1. d4 d5 2. c4 dxc4 3. Nf3 Nc6 4. Nc3 e5 5. d5 Nd4 6. Nxd4 exd4 7. Qxd4 Bd6 8.
e4 Nf6 9. Bg5 O-O 10. Bxf6 gxf6 11. Bxc4 Bd7 12. O-O-O Qe7 13. f3 f5 14. Kb1
Qg5 15. e5 Qxg2 16. Rhg1 Bxe5 17. Rxg2+ Kh8 18. Qxe5+ f6 19. Qe7 Rad8 20. Qg7#
1-0

[Event "Open de Louviers"]
[Site "Louviers"]
[Date "2006.06.05"]
[Round "6"]
[White "Bersoult, Francois"]
[Black "Heranval, Jacky"]
[Result "1/2-1/2"]
[WhiteElo "2233"]
[BlackElo "1960"]
[PlyCount "39"]

1. Nf3 Nf6 2. c4 e6 3. g3 b6 4. Bg2 Bb7 5. O-O c5 6. Nc3 Be7 7. Re1 Ne4 8. Nxe4
Bxe4 9. d3 Bb7 10. e4 d6 11. d4 O-O 12. d5 exd5 13. cxd5 Bf6 14. Qc2 Nd7 15.
Bf4 Qc7 16. Rad1 Rfe8 17. h3 Ne5 18. Nxe5 Bxe5 19. Be3 Qd7 20. Kh2 1/2-1/2

[Event "Open de Louviers"]
[Site "Louviers"]
[Date "2006.06.05"]
[Round "6"]
[White "Pytel, Krzysztof"]
[Black "Boursier, Xavier"]
[Result "1-0"]
[WhiteElo "2387"]
[BlackElo "2033"]
[PlyCount "57"]

1. d4 Nf6 2. Nf3 g6 3. g3 Bg7 4. Bg2 O-O 5. O-O c6 6. c4 d6 7. b3 Bg4 8. h3
Bxf3 9. Bxf3 e5 10. e3 e4 11. Bg2 d5 12. Nc3 Re8 13. f3 Qd6 14. g4 a6 15. cxd5
cxd5 16. g5 Nh5 17. fxe4 dxe4 18. Nxe4 Rxe4 19. Bxe4 Ng3 20. Bxb7 Ra7 21. Bg2
Nxf1 22. Kxf1 f5 23. Qf3 h6 24. Qd5+ Qxd5 25. Bxd5+ Kf8 26. Ba3+ Ke8 27. Rc1
Kd7 28. gxh6 Bxh6 29. Ke2 1-0

[Event "Open de Louviers"]
[Site "Louviers"]
[Date "2006.06.05"]
[Round "6"]
[White "Abdat, Rachid"]
[Black "Vigneron, Frederic"]
[Result "1/2-1/2"]
[WhiteElo "2050"]
[BlackElo "2007"]
[PlyCount "39"]

1. e4 d6 2. d4 Nf6 3. Nc3 c6 4. Bd3 e5 5. Nge2 Be7 6. O-O b5 7. a3 a6 8. f4
Nbd7 9. Kh1 Bb7 10. dxe5 dxe5 11. Ng3 g6 12. Be3 Qc7 13. b4 c5 14. bxc5 Bxc5
15. Bxc5 Qxc5 16. fxe5 Qxc3 17. exf6 O-O-O 18. Qg4 h5 19. Qf4 Qe5 20. a4
1/2-1/2

[Event "Open de Louviers"]
[Site "Louviers"]
[Date "2006.06.05"]
[Round "6"]
[White "Berrou, Andre"]
[Black "Billard, Sebastien"]
[Result "1-0"]
[WhiteElo "1790"]
[BlackElo "1570"]
[PlyCount "119"]

1. e4 e5 2. Nf3 Nc6 3. Bc4 Bc5 4. c3 Nf6 5. d4 exd4 6. cxd4 Bb4+ 7. Bd2 d6 8.
Bxb4 Nxb4 9. Qa4+ c6 10. Qxb4 Nxe4 11. O-O O-O 12. Bd3 Nf6 13. Nbd2 Nd5 14. Qb3
Rb8 15. Rac1 Be6 16. Bb1 Qf6 17. Ne4 Qh6 18. Neg5 Nf4 19. Qe3 Nd5 20. Qd3 Nf4
21. Qxh7+ Qxh7 22. Bxh7+ Kh8 23. Bb1 Ne2+ 24. Kh1 Nxc1 25. Nxe6 fxe6 26. Rxc1
Rf6 27. Re1 Rbf8 28. Kg1 b6 29. Re2 c5 30. dxc5 bxc5 31. Nd2 d5 32. f3 Rb8 33.
b3 a5 34. Bc2 c4 35. bxc4 Rb2 36. Bb3 a4 37. Bxa4 Rxa2 38. Bb5 Rb2 39. Kf2 d4
40. Ne4 Rxe2+ 41. Kxe2 Rf8 42. Kd3 Rd8 43. Ng5 Ra8 44. Nxe6 Kg8 45. Kxd4 Kf7
46. Ng5+ Kg6 47. h4 Kf5 48. g3 Ra1 49. c5 Rg1 50. g4+ Kf6 51. c6 Ke7 52. Kc5
Rc1+ 53. Kb6 Kd6 54. Ne4+ Ke5 55. Nc5 Kd6 56. Nb7+ Ke7 57. c7 Ke6 58. Bc6 Rb1+
59. Ka7 Rxb7+ 60. Kxb7 1-0

[Event "Open de Louviers"]
[Site "Louviers"]
[Date "2006.06.05"]
[Round "6"]
[White "Kulhaneck, Martial"]
[Black "Cleaud, Cyril"]
[Result "1/2-1/2"]
[WhiteElo "1760"]
[BlackElo "1560"]
[PlyCount "134"]

1. d4 Nf6 2. Nf3 g6 3. Bg5 Bg7 4. e3 d5 5. Bd3 Bg4 6. Nbd2 Nbd7 7. c3 O-O 8. h3
Bxf3 9. Nxf3 c6 10. Qc2 Re8 11. O-O e5 12. dxe5 Nxe5 13. Nxe5 Rxe5 14. Bf4 Re8
15. Rfe1 Rc8 16. Rad1 Qb6 17. Be2 Ne4 18. h4 Qd8 19. h5 Qh4 20. Bf3 Be5 21.
Bxe4 dxe4 22. Bxe5 Rxe5 23. hxg6 hxg6 24. g3 Qg4 25. Qe2 Qh3 26. Qf1 Qe6 27. b3
Kg7 28. Qg2 Rh8 29. Kf1 Qg4 30. Kg1 Reh5 31. Rd4 Qf3 32. Qxf3 exf3 33. Rh4 Rxh4
34. gxh4 Rxh4 35. Rd1 b6 36. Rd4 Rh5 37. Rd7 a5 38. Rd6 Rc5 39. c4 b5 40. cxb5
cxb5 41. Rd2 Kf6 42. Kh2 Kf5 43. Kg3 Ke5 44. Kxf3 f5 45. Kg3 g5 46. Re2 Ke4 47.
Rd2 f4+ 48. exf4 gxf4+ 49. Kg4 f3 50. Rd8 Rc3 51. Ra8 Rc2 52. Re8+ Kd5 53. Kxf3
Rxa2 54. Re3 Ra3 55. Ke2 a4 56. Rd3+ Kc5 57. bxa4 Rxa4 58. Rb3 Kc4 59. Rb2 b4
60. Kd2 b3 61. Kc1 Kc3 62. Kb1 Re4 63. Ka1 Re1+ 64. Rb1 Re2 65. Rc1+ Kb4 66.
Rf1 Ka3 67. f4 Ra2+ 1/2-1/2

[Event "Open de Louviers"]
[Site "Louviers"]
[Date "2006.06.05"]
[Round "6"]
[White "Grenet, Dominique"]
[Black "Cruchet, Sebastien"]
[Result "1-0"]
[WhiteElo "1690"]
[BlackElo "1790"]
[PlyCount "74"]

1. e4 c6 2. d4 d5 3. exd5 cxd5 4. Nf3 Nf6 5. Nc3 Bg4 6. Be2 Nc6 7. O-O e6 8. a3
Bd6 9. Be3 a6 10. h3 Bh5 11. Ng5 Bg6 12. Nf3 O-O 13. Nh4 Ng4 14. Nxg6 Nxe3 15.
fxe3 hxg6 16. Bd3 Qg5 17. Qf3 f5 18. Nxd5 f4 19. Nxf4 Nxd4 20. Qe4 Bxf4 21.
Rxf4 Rxf4 22. exf4 Qc5 23. Kh1 Rf8 24. Rf1 Rf6 25. Qxb7 e5 26. Qb8+ Rf8 27.
Qxe5 Qxe5 28. fxe5 Rxf1+ 29. Bxf1 a5 30. Bd3 g5 31. Kh2 Kf7 32. Kg3 Ke6 33. Kg4
Kxe5 34. Kxg5 Ne6+ 35. Kg6 Nf4+ 36. Kxg7 Nxg2 37. b4 Kd6 1-0

[Event "Open de Louviers"]
[Site "Louviers"]
[Date "2006.06.05"]
[Round "6"]
[White "Drouineau, Olivier"]
[Black "Blondel, Jean-Michel"]
[Result "1-0"]
[WhiteElo "1640"]
[BlackElo "1640"]
[PlyCount "90"]

1. d4 d5 2. c4 e6 3. Nc3 Bb4 4. e3 Nf6 5. Nf3 O-O 6. Qc2 Nc6 7. Be2 Re8 8. O-O
Bxc3 9. bxc3 e5 10. cxd5 Nxd5 11. e4 Nf6 12. d5 Nb8 13. Bb2 Nbd7 14. Rfe1 Qe7
15. c4 Qc5 16. Bd3 Ng4 17. a4 a5 18. h3 Ngf6 19. Ba3 Qa7 20. c5 c6 21. d6 Nf8
22. Bb2 N6d7 23. Rac1 f6 24. h4 Ne6 25. Ba3 Nd8 26. h5 b6 27. Nh4 Nxc5 28. Bxc5
bxc5 29. Qxc5 Qxc5 30. Rxc5 Be6 31. f3 Bd7 32. Rb1 Kf8 33. Bc4 Be6 34. Bxe6
Rxe6 35. Rd1 Ra7 36. d7 Re7 37. Nf5 Rexd7 38. Rxd7 Rxd7 39. Rxa5 Rd1+ 40. Kh2
Ra1 41. Ra8 Ke8 42. Nxg7+ Kf7 43. Ra7+ Kg8 44. Ne8 c5 45. Nxf6+ Kf8 1-0

[Event "Open de Louviers"]
[Site "Louviers"]
[Date "2006.06.05"]
[Round "6"]
[White "Voegele, Francois-Marie"]
[Black "Frigere, Guy"]
[Result "0-1"]
[WhiteElo "1060"]
[BlackElo "1440"]
[PlyCount "96"]

1. e4 e5 2. Nc3 c5 3. d3 d6 4. Be2 h6 5. Be3 Nf6 6. Nf3 Nbd7 7. O-O b6 8. Qd2
Bb7 9. Nh4 Be7 10. Nf5 O-O 11. Nxe7+ Qxe7 12. Bf3 a5 13. Qe2 a4 14. Bg4 Nb8 15.
Bf3 a3 16. bxa3 Rxa3 17. Nd5 Nxd5 18. exd5 Nd7 19. Rfb1 Rfa8 20. Rb3 Rxa2 21.
Rxa2 Rxa2 22. Qd1 Qd8 23. g3 Nf6 24. c4 Nd7 25. Qb1 Qa8 26. Qf1 Qa7 27. Bg4 Nf6
28. Bf3 Bc8 29. Rb5 Bd7 30. Rb1 Bh3 31. Qxh3 Ra1 32. Qf1 Rxb1 33. Qxb1 h5 34.
Qb5 Qb8 35. Bg5 Nh7 36. Be7 g5 37. Bxh5 f5 38. Qb1 Qc7 39. Bxg5 Nxg5 40. g4
fxg4 41. Bxg4 Kg7 42. Qd1 Qe7 43. h4 Nf7 44. h5 Nh6 45. Bf3 Qg5+ 46. Bg4 Nxg4
47. Qb1 Ne3+ 48. Kh1 Qg2# 0-1

[Event "Open de Louviers"]
[Site "Louviers"]
[Date "2006.06.05"]
[Round "6"]
[White "Arinal, Serge"]
[Black "Delacroix, Vincent"]
[Result "1-0"]
[WhiteElo "1590"]
[BlackElo "1499"]
[PlyCount "73"]

1. Nf3 e6 2. c4 d5 3. cxd5 Qxd5 4. Nc3 Qd8 5. d4 Bd7 6. Bf4 a6 7. Ne5 b5 8.
Nxd7 Qxd7 9. g3 Nc6 10. Bg2 O-O-O 11. e3 Nb4 12. O-O f5 13. Qf3 c6 14. a3 Nd5
15. Nxd5 exd5 16. Be5 h5 17. Bh3 Ne7 18. Rac1 Rh6 19. Rc3 g5 20. Qd1 g4 21. Bg2
Kb7 22. Qb3 a5 23. Bf4 Rg6 24. Rfc1 Rc8 25. Bf1 a4 26. Qd1 Ra8 27. R1c2 Nc8 28.
Qc1 Na7 29. b3 c5 30. dxc5 Nc6 31. Bxb5 d4 32. Rd3 Qd5 33. bxa4 Na5 34. Rxd4
Qe6 35. c6+ Kb6 36. Qb2 Nb3 37. Bc4 1-0

[Event "Open de Louviers"]
[Site "Louviers"]
[Date "2006.06.05"]
[Round "7"]
[White "Vigneron, Frederic"]
[Black "Bersoult, Francois"]
[Result "0-1"]
[WhiteElo "2007"]
[BlackElo "2233"]
[PlyCount "66"]

1. d4 d5 2. c4 Nc6 3. Nc3 dxc4 4. d5 Ne5 5. Bf4 Ng6 6. Bg3 h5 7. Nb5 e5 8. dxe6
Bb4+ 9. Nc3 Bxc3+ 10. bxc3 Bxe6 11. Qa4+ Qd7 12. Qxd7+ Kxd7 13. Rd1+ Kc8 14. h3
Nf6 15. e3 Ne4 16. Ne2 Rd8 17. f3 Rxd1+ 18. Kxd1 h4 19. fxe4 hxg3 20. Nd4 Ne5
21. Nxe6 fxe6 22. Be2 Kd7 23. Kc2 b6 24. Rf1 Rh8 25. Rf4 Rxh3 26. gxh3 g2 27.
Rf1 gxf1=Q 28. Bxf1 Kd6 29. Be2 b5 30. Kd2 Nf7 31. a4 c6 32. h4 Ke5 33. axb5
cxb5 0-1

[Event "Open de Louviers"]
[Site "Louviers"]
[Date "2006.06.05"]
[Round "7"]
[White "Colliou, Yannick"]
[Black "Berrou, Andre"]
[Result "1-0"]
[WhiteElo "2209"]
[BlackElo "1790"]
[PlyCount "57"]

1. d4 Nf6 2. Nf3 d5 3. g3 e6 4. Bg2 g6 5. c4 c6 6. b3 Bg7 7. Ba3 Ne4 8. O-O f5
9. e3 Kf7 10. Nbd2 Re8 11. Qc2 Kg8 12. Bb2 Nd7 13. Rac1 Ndf6 14. Ne5 Nxd2 15.
Qxd2 Ng4 16. Nxg4 fxg4 17. Ba3 e5 18. cxd5 cxd5 19. dxe5 Rxe5 20. Bb2 Rh5 21.
Bxg7 Kxg7 22. e4 Be6 23. exd5 Bf7 24. d6 Rf5 25. Bxb7 Rb8 26. Rc7 Rb5 27. Bd5
Qxd6 28. Rxf7+ Kg8 29. Qh6 1-0

[Event "Open de Louviers"]
[Site "Louviers"]
[Date "2006.06.05"]
[Round "7"]
[White "Boursier, Xavier"]
[Black "Abdat, Rachid"]
[Result "1-0"]
[WhiteElo "2033"]
[BlackElo "2050"]
[PlyCount "83"]

1. e4 e6 2. d4 d5 3. e5 c5 4. c3 Nc6 5. Nf3 Qb6 6. a3 Bd7 7. b4 cxd4 8. cxd4
Rc8 9. Bb2 a5 10. b5 Nce7 11. a4 Nf5 12. Bd3 Bb4+ 13. Kf1 Nge7 14. g3 h5 15. h4
Qc7 16. Kg2 f6 17. Qe2 Qb6 18. Rd1 Kf7 19. Na3 Bc3 20. Rac1 Bxb2 21. Qxb2 Rxc1
22. Rxc1 Ng6 23. Bxf5 exf5 24. exf6 gxf6 25. Rc5 Qd6 26. Qb3 Rg8 27. Kh2 Be6
28. Qc3 f4 29. Qxa5 fxg3+ 30. fxg3 Ne7 31. Qc7 Qxc7 32. Rxc7 Ra8 33. Nb1 Rxa4
34. Rxb7 Rb4 35. Nbd2 Rb2 36. Kg1 Ke8 37. Kf1 Bd7 38. b6 Nf5 39. Rb8+ Ke7 40.
b7 Nxg3+ 41. Ke1 Bg4 42. Rh8 1-0